Представление документа в формате RUSMARC

ПолеНазваниеЗначение
  Тип записи a
  Библиографический уровень m
001 Контрольный номер UONB/MAIN/576b722e08664e6a8038365993b708b8
005 Дата корректировки 20260423151155.8
010 Индекс ISBN __
d Цена 1 р. 20 к.
9 Тираж 9230 экз.
100 Данные общей обработки __
a Данные общей обработки 20260423d1985 u y0rusy0189 ca
101 Язык документа 0_
a Язык текста rus
102 Страна публикации __
a Страна публикации RU
105 Кодированные данные (монография) __
a Кодированные данные (монография) a z 001yy
200 Заглавие и сведения об ответственности 1_
a Заглавие Избранные исследования и статьи
f Первые сведения об ответственности И. М. Ямпольский
g Последующие сведения об ответственности [вступительная статья и общая редакция Ю. В. Келдыша]
203 Вид содержания и тип средства __
a Вид содержания Текст
b Характеристика содержания визуальный
c Тип средства непосредственный
210 Выходные данные 1_
a Место издания Москва
c Издательство Советский композитор
d Дата издания 1985
215 Физическое описание __
a Объем 280 с.
c Иллюстрации/тип воспроизводства ил., 1 л. портр.
d Формат 20 см
320 Библиография __
a Библиография Библиогр.: с. 272-279
320 Библиография __
a Библиография Муз. произведения: с. 246-248
606 Тематические рубрики 0_
a Основная рубрика Музыка
610 Ключевые слова 0_
a Ключевые слова музыка; русская музыка; русские композиторы
675 Индекс УДК __
a Индекс УДК 78.0
686 Индексы других классификаций __
a Классификационный индекс 85.31,2
2 Код системы rubbk
700 Автор _1
a Фамилия Ямпольский
b Имя (инициалы) И. М.
g Полное личное имя Израиль Маркович
4 Код отношения 070
702 Вторичная интеллектуальная ответственность _1
a Фамилия Келдыш
b Имя (инициалы) Ю. В.
g Полное личное имя Юрий Всеволодович
4 Код отношения 340
4 Код отношения 080
801 Источник записи _0
a Страна RU
b Организация Ульяновская ОНБ
c Дата составления 20260423
g Правила каталогизации RCR
801 Источник записи _1
a Страна RU
b Организация Ульяновская ОНБ
c Дата составления 20260423
g Правила каталогизации RCR
901 Тип документа __
t Тип документа m
909 Создатель записи __
a Создатель записи Иличкина
b Дата создания записи 20260423